000 00607cam a2200241 a 4500
001 3854717
005 20180205091955.0
008 880224t19881987nyuabcf b 000 0 eng
010 _a 88005850
020 _a0140074651 (pbk.)
040 _aDLC
_cDLC
_dDLC
041 _aeng
043 _aa-pp---
080 _a306.099
082 0 0 _a306.099 CON
_219
100 1 _a19
101 _aSHP
245 1 0 _aFirst contact /
_cBob Connolly & Robin Anderson.
504 _aBibliography: p. [313]-316.
740 0 _a1st contact.
906 _a7
_bcbc
_corignew
_d1
_eocip
_f19
_gy-gencatlg
942 _2ddc
_cBK
999 _c41823
_d41823